000 00652nam a2200241Ia 4500
003 OSt
005 20221007073117.0
006 a|||||r|||| 00| 0
007 ta
008 221006b |||||||| |||| 00| 0 eng d
024 _a13,260
037 _cTextual
040 _aFLL
_cFLL
_beng
041 _2eng
_aeng
082 _aV73:2pL87, G7.2
100 _aFarrand M. Au.
_9691919
245 0 _aRecord of the federal convention of 1787
260 _aLondon
_bYale university press London
_c1937
300 _a630p
_ccm.
490 _vVol.2
942 _hV73:2pL87, G7.2
_cTEXL
_2CC
999 _c1147705
_d1147705